1326 1893 1765 1184 1728 1180 1749 1717 1713 1170 1369 1079 1721 1876 1218 1053 1743 1724 1542 1198 1305 1151 1506 1303 1343 1305 1485 1234 1734 1597 1964 1496 1597 1213 1126 1409 1792 1485 1428 1516 1261 1483 1206 1953 1828 1891 1201 1498 1606 1937 1123 1163 1906 1211 1436 1104 1548 1443 1305 1694 1946 1925 1972 1945 1133 1309 1227 1171 1120 1467 1109 1253 1159 1411 1092 1599 1689 1185 1947 1237 1011 1336 1018 1373 1890 1696 1412 1657 1645 1037 1172 1776 1159 1522 1090 1185 1304 1342 1029 BCNSPRNW ULIB Ver.6.0+V

เปลี่ยนเป็นภาษาไทย

Change to English
 แสดงรายละเอียดบรรณานุกรม
  กลับหน้าหลัก

Brief Record : Get Marc (ISO 2709) : E-mail record : QR code < ปิดหน้าต่าง
LEADER : 00000nam 2200000uu 4500
001    13399122339
003     ULIB
008    020711s2550 th a 000 0 tha d
020    9789744348326
090    นว.^bจ547ค
100    จิลเลียน ฟลินน์,^eเขียน
110    ฟิสิกส์เซ็นเตอร์
245    คมมรณะ/^cจิลเลียน ฟลินน์
260    กรุงเทพฯ :^bฟิสิกส์เซ็นเตอร์,^c2550
300    344 หน้า
700    อาสยา ฐกัดกุล,^eแปล
945    ^p230^l0^i021598
999    ^aทศพร
รายการนี้ยังไม่มีแท็ก
คุณยังไม่ได้ล็อกอิน คุณสามารถมีกิจกรรมร่วมกับเว็บไซต์ได้ แต่ต้องล็อกอินก่อน ::
  ล็อกอิน

รายการสื่อสารสนเทศ

ลำดับที่ ประเภท เลขเรียก/บาร์โค้ด สถานที่ สถานะ
1. นวนิยาย
นวนิยาย
นว. จ547ค ฉ.1 
  Barcode: 021598
ห้องสมุดวิทยาเขตสวรรค์ประชารักษ์
►นวนิยาย
บนชั้น
  ขอยืม

BibComment


ยังไม่เคยถูกคอมเมนท์

คอมเมนท์ทรัพยากรรายการนี้
  คอมเมนท์: คมมรณะ จิลเลียน ฟ..


 Copyright 2026. Bcnsprnw @Library